Normal view
MARC view
Entry Topical Term
001 - CONTROL NUMBER
- control field: 37751
003 - CONTROL NUMBER IDENTIFIER
- control field: ARRUPE
005 - DATE AND TIME OF LATEST TRANSACTION
- control field: 20171128111138.0
008 - FIXED-LENGTH DATA ELEMENTS
- fixed length control field: 171128|| aca||aabn | a|a d
040 ## - CATALOGING SOURCE
- Original cataloging agency: ARRUPE
- Transcribing agency: ARRUPE
150 ## - HEADING--TOPICAL TERM
- Topical term or geographic name as entry element: Bible
- General subdivision: N.T. Philippians
- General subdivision: Commentaries
670 ## - SOURCE DATA FOUND
- Source citation: Work cat.: (ARRUPE): Hansen, Walter G. 37749, The letter to the Philippians, 2009